000 00512nam a2200169Ia 4500
003 OSt
005 20200617141017.0
008 190216s9999||||xx |||||||||||||| ||und||
040 _coclc
082 _a954.035
_bCHA/I
100 1 _aChandra, Bipan
_9137
245 0 _aIndia Since Independence /
_cBipan Chandra ; Mridula Mukherjee ; Aditya Mukherjee
260 _bPenguin Books,
_aDelhi:
_c2008.
300 _a771p
650 _aHistory
942 _cBK
_2ddc
_h954.035
_iCHA/I
_k954.035
_mCHA/I
999 _c21279
_d21279